[Event "Baden-ch Seniors"]
[Site "Badenweiler"]
[Date "2009.06.06"]
[Round "7"]
[White "Buth, Lothar"]
[Black "Stoppel, Wladimir"]
[Result "1-0"]
[WhiteElo "1979"]
[BlackElo "1734"]
[PlyCount "91"]
[EventDate "2009.06.01"]
[EventType "swiss"]
[EventRounds "9"]
[EventCountry "GER"]
[SourceTitle "EXT 2010"]
[Source "ChessBase"]
[SourceDate "2010.11.25"]
[SourceVersion "1"]
[SourceVersionDate "2010.11.25"]
[SourceQuality "1"]

1. e4 c6 2. Nc3 d5 3. Qf3 d4 4. Bc4 e6 5. Nce2 b5 6. Bb3 Be7 7. d3 Bf6 8. Qg3 g6 9. e5 Bg7 10. f4 Ne7 11. Nf3 Nf5 12. Qf2 c5 13. g4 Ne7 14. a4 b4 15. Ng3 Bb7 16. Rg1 Nbc6 17. Ne4 Nc8 18. Nfd2 Na5 19. Nc4 Nxc4 20. Bxc4 0-0 21. Nxc5 Bc6 22. Bd2 Qb6 23. Qxd4 Ne7 24. Nb3 Qc7 25. Bxb4 Rfd8 26. Qf2 Rd7 27. Bd6 Qd8 28. Nc5 Rxd6 29. exd6 Qxd6 30. c3 Bd5 31. 0-0-0 Rc8 32. Bxd5 Rxc5 33. Bb3 Qb6 34. Qc2 Nc6 35. Bc4 Ne7 36. Qb3 Nd5 37. Bxd5 Bxc3 38. Bc4 Ba5 39. Kb1 Rc6 40. Bb5 Rd6 41. Rc1 Qb8 42. Qc4 a6 43. Qc8+ Qxc8 44. Rxc8+ Kg7 45. Ra8 Bb4 46. Rxa6 1-0

[Event "Baden-ch Seniors"]
[Site "Badenweiler"]
[Date "2009.06.05"]
[Round "6"]
[White "Stoppel, Wladimir"]
[Black "Schnell, Franz"]
[Result "1-0"]
[WhiteElo "1734"]
[BlackElo "1850"]
[PlyCount "63"]
[EventDate "2009.06.01"]
[EventType "swiss"]
[EventRounds "9"]
[EventCountry "GER"]
[SourceTitle "EXT 2010"]
[Source "ChessBase"]
[SourceDate "2010.11.25"]
[SourceVersion "1"]
[SourceVersionDate "2010.11.25"]
[SourceQuality "1"]

1. d4 d5 2. Bf4 Nf6 3. Nf3 g6 4. Nc3 a6 5. e3 Bg7 6. Bd3 0-0 7. 0-0 Nh5 8. Bg5 Re8 9. e4 dxe4 10. Bxe4 c6 11. Qd2 Bg4 12. h3 Bxf3 13. Bxf3 Qxd4 14. Rfe1 Qxd2 15. Bxd2 Nf6 16. Ne4 Nxe4 17. Rxe4 Nd7 18. Rb4 Rab8 19. Be3 c5 20. Rxb7 Rxb7 21. Bxb7 Rb8 22. Bxa6 Rxb2 23. Rd1 Rxa2 24. Bb5 Nf6 25. Rd8+ Bf8 26. Bh6 Ra1+ 27. Kh2 Kh8 28. Rxf8+ Ng8 29. Be8 Ra8 30. Bxf7 Rxf8 31. Bxf8 Nf6 32. Bxe7 1-0

[Event "Baden-ch Seniors"]
[Site "Badenweiler"]
[Date "2009.06.04"]
[Round "4"]
[White "Stoppel, Wladimir"]
[Black "Baumann, Gerhard"]
[Result "0-1"]
[WhiteElo "1734"]
[BlackElo "1912"]
[PlyCount "60"]
[EventDate "2009.06.01"]
[EventType "swiss"]
[EventRounds "9"]
[EventCountry "GER"]
[SourceTitle "EXT 2010"]
[Source "ChessBase"]
[SourceDate "2010.11.25"]
[SourceVersion "1"]
[SourceVersionDate "2010.11.25"]
[SourceQuality "1"]

1. d4 Nf6 2. c4 g6 3. Nc3 Bg7 4. e4 d6 5. Bd3 e5 6. d5 0-0 7. Bg5 h6 8. Bh4 a5 9. Nge2 g5 10. Bg3 Nh5 11. 0-0 Na6 12. Rc1 c6 13. Na4 cxd5 14. cxd5 Bd7 15. Nec3 Nxg3 16. fxg3 b5 17. Bxb5 Bxb5 18. Nxb5 Rb8 19. Nbc3 Qd7 20. Qe2 Nc7 21. Rf5 Nb5 22. Nxb5 Rxb5 23. b3 Rxd5 24. Rxf7 Qxf7 25. exd5 Qxd5 26. Rd1 Qe6 27. Qd2 e4 28. Qxd6 Qxd6 29. Rxd6 e3 30. Rd1 e2 0-1

[Event "Baden-ch Seniors"]
[Site "Badenweiler"]
[Date "2009.06.01"]
[Round "1"]
[White "Baum, Hans Juergen"]
[Black "Stoppel, Wladimir"]
[Result "1-0"]
[WhiteElo "2045"]
[BlackElo "1734"]
[PlyCount "48"]
[EventDate "2009.06.01"]
[EventType "swiss"]
[EventRounds "9"]
[EventCountry "GER"]
[SourceTitle "EXT 2010"]
[Source "ChessBase"]
[SourceDate "2010.11.25"]
[SourceVersion "1"]
[SourceVersionDate "2010.11.25"]
[SourceQuality "1"]

1. e4 e5 2. f4 d6 3. Nf3 Nc6 4. Bc4 Be7 5. Nc3 Nf6 6. d3 Na5 7. Bb5+ c6 8. Ba4 b5 9. Bb3 Nxb3 10. axb3 exf4 11. Bxf4 Bg4 12. 0-0 0-0 13. Ra6 Qd7 14. Qa1 b4 15. Ne2 Bd8 16. Kh1 Nh5 17. Be3 c5 18. e5 Bb6 19. d4 Qb5 20. c4 bxc3 21. Nxc3 Qd3 22. Nd5 Rab8 23. dxc5 dxc5 24. Rd1 Qe4 1-0